Statistics for Name that Country

Click here to take the quiz!

General Stats

  • This quiz has been taken 1,330 times
  • The average score is 15 of 20

Answer Stats

HintCountry% Correct
Tasmania, Kangaroos, Steve IrwinAustralia
96%
Sushi, Hello Kitty, NintendoJapan
96%
Caipirinha, Samba, AmazonBrazil
90%
Emiliano Zapata, Tacos, Riviera MayaMexico
90%
Tapas, Ibiza, Running of the BullsSpain
90%
Arnold Schwarzenegger, Salzburg, 1964 and 1976 Winter OlympicsAustria
87%
Banff, CN Tower, SaskatoonCanada
85%
Bob Marley, Fast 100m sprinters, Bobsled teamJamaica
85%
Bali, Suharto, Most populous Muslim countryIndonesia
82%
Wladimir Klitschko, Viktor Yushchenko, LvivUkraine
78%
Bruges, UN, FlemishBelgium
77%
Pope John Paul II, Pierogi, CopernicusPoland
77%
Atacama Desert, Pinochet, Easter IslandChile
76%
Angkor Wat, Pol Pot, Siem ReapCambodia
74%
Kimchi, Busan, IncheonSouth Korea
74%
Urdu, Peshawar, Swat ValleyPakistan
69%
Bocas Del Toro, Noriega, CanalPanama
68%
The Rumble in the Jungle, Mobutu Sese Seko, Formerly ZaireDemocratic Republic of the Congo
64%
Baseball, Oil, Margarita IslandVenezuela
47%
Chilli crab, Michael Fay, Lee Kuan YewSingapore
36%

Score Distribution

Percentile by Number Answered

Percent of People with Each Score

Your Score History

You have not taken this quiz